MARC

LEADER 00000nam0a2200000 4500
001 299454
005 20231102001214.0
035 |a (RuTPU)RU\TPU\book\324606 
090 |a 299454 
100 |a 20150629d1981 k y0rusy50 ca 
101 0 |a rus 
102 |a UA 
105 |a a z 001zy 
200 1 |a Новые технологические процессы при производстве сборного железобетона  |e сборник научных трудов  |f Научно-строительный институт строительного производства ; под ред. А. А. Худенко 
210 |a Киев  |c [Б. и.]  |d 1981 
215 |a 104 с.  |c ил. 
320 |a Библиография в конце статей 
606 1 |a Железобетонные конструкции  |x Сборные  |2 stltpush  |3 (RuTPU)RU\TPU\subj\35626 
610 1 |a производство 
610 1 |a новые технологии 
610 1 |a опытно-фильтрационные опробования 
610 1 |a бетонные смеси 
610 1 |a формование 
610 1 |a тепловая обработка 
610 1 |a технологическая подготовка 
675 |a 666.982.2  |v 4 
702 1 |a Худенко  |b А. А.  |4 340 
712 0 2 |a Научно-исследовательский институт строительного производства Госстроя УССР  |2 stltpush  |3 (RuTPU)RU\TPU\col\13847  |9 25798 
801 1 |a RU  |b 63413507  |c 20150629 
801 2 |a RU  |b 63413507  |c 20220128  |g RCR 
942 |c BK